| 000 | 005330000a22001930004500 | ||
|---|---|---|---|
| 082 | _a633 FAG/GR | ||
| 100 |
_aBALIGAR, VIRUPAX C _fAuthor |
||
| 100 |
_aFAGERIA, NAND KUMAR _fAuthor |
||
| 100 |
_aJONES, CHARLES ALLAN _fAuthor |
||
| 245 | _aGROWTH AND MINERAL NUTRITION OF FIELD CROPS | ||
| 250 | _a3 | ||
| 260 | _aLONDON, CRC PRESS | ||
| 260 | _c2011 | ||
| 300 | _apages 560 | ||
| 650 | _aDIAGNOSTIC TECHNIQUES | ||
| 650 | _aFIELD CROPS AND MINERAL NUTRITION | ||
| 650 | _aNUTRIENT FLUX IN SOIL-PLANT SYSTEM | ||
| 942 | _cBK | ||
| 999 |
_c296366 _d296366 |
||